000 00588nam a22001817a 4500
005 20231030115332.0
008 231030b |||||||| |||| 00| 0 eng d
020 _a1556818246
041 _aEnglish
082 _a347.7 ALD
100 _aAldisert, RJ
_lEnglish
245 _aWinning on Appeal :
_bBetter Briefs and Oral Argument /
_cRJ Aldisert
250 _aSecond Edition
260 _aUnited States of America :
_bNational Institution for Trail Advocacy,
_c2003
300 _bxxxi, 458 pages ;
_c26 cm.
650 _alegal practice
_bLaw
942 _cBK
_6ALISON_BN_VRIES
999 _c142
_d142